[Event "IECG CP.2007.Q.00018 email"]
[Site "IECG email"]
[Date "2009.01.15"]
[Round "?"]
[White "Kluge, Thomas"]
[Black "Vorobyev, Albert A"]
[Result "1-0"]
[WhiteElo "2132"]
[BlackElo "1963"]
[PlyCount "113"]
[EventDate "2009.01.15"]
[EventType "tourn (corr)"]
[EventRounds "6"]
[SourceTitle "Corr 2024"]
[Source "ChessBase"]
[SourceDate "2023.10.19"]
[SourceVersion "1"]
[SourceVersionDate "2023.10.19"]
[SourceQuality "1"]

1. c4 e6 2. g3 d5 3. Bg2 c6 4. Nf3 Nf6 5. b3 Bd6 6. Bb2 0-0 7. 0-0 Re8 8. d4 b6 9. Qc2 Bb7 10. Nc3 Nbd7 11. e4 Nxe4 12. Nxe4 dxe4 13. Qxe4 Qe7 14. Rad1 Rad8 15. Rfe1 Bb4 16. Re2 h6 17. Qc2 Bd6 18. Ne1 Nf6 19. Nd3 Qc7 20. b4 h5 21. c5 Be7 22. Ne5 Nd5 23. a3 h4 24. Re4 hxg3 25. hxg3 Bf6 26. Rg4 bxc5 27. bxc5 Ba6 28. Bc1 Bb5 29. Bh6 Qa5 30. Bxd5 Rxd5 31. Bxg7 Bxg7 32. Nxf7 Qa4 33. Nh6+ Kh8 34. Nf7+ Kg8 35. Nh6+ Kh8 36. Qg6 Qxd1+ 37. Kh2 Re7 38. Rh4 Rh5 39. Rxh5 Qxh5+ 40. Qxh5 Bxh6 41. Qh4 Rf7 42. Kg1 Kg7 43. Qg4+ Kf6 44. Qh3 Bf8 45. Qh4+ Kg7 46. Qg4+ Kf6 47. Qf4+ Ke7 48. Qd6+ Kf6 49. Qe5+ Ke7 50. d5 cxd5 51. Qb8 Bd7 52. Qc7 e5 53. c6 Ke6 54. cxd7 Rxd7 55. Qc1 d4 56. Kf1 Bd6 57. g4 1-0

[Event "IECG CP.2007.Q.00018 email"]
[Site "IECG email"]
[Date "2009.01.15"]
[Round "?"]
[White "Vorobyev, Albert A"]
[Black "Perez, Giorgio"]
[Result "1-0"]
[WhiteElo "1963"]
[BlackElo "1821"]
[PlyCount "91"]
[EventDate "2009.01.15"]
[EventType "tourn (corr)"]
[EventRounds "6"]
[SourceTitle "Corr 2024"]
[Source "ChessBase"]
[SourceDate "2023.10.19"]
[SourceVersion "1"]
[SourceVersionDate "2023.10.19"]
[SourceQuality "1"]

1. d4 Nf6 2. c4 g6 3. Nc3 d5 4. cxd5 Nxd5 5. e4 Nxc3 6. bxc3 Bg7 7. Bc4 c5 8. Ne2 0-0 9. 0-0 Nc6 10. Be3 Bd7 11. Rb1 a6 12. dxc5 Na5 13. Bd3 Qc7 14. Qc2 Rfc8 15. Rfd1 e6 16. c4 Bf8 17. Qc3 Nc6 18. f4 e5 19. f5 Rab8 20. Bc2 Rd8 21. Kh1 Be8 22. Rd5 f6 23. g4 Bf7 24. g5 Be7 25. gxf6 Bxf6 26. Rg1 Qe7 27. fxg6 Bxg6 28. Ng3 Kh8 29. Bd1 Bh4 30. Bf3 Rg8 31. Nf5 Bxf5 32. exf5 Rxg1+ 33. Bxg1 Rg8 34. Rd1 Bf6 35. Bd5 Rg7 36. Rb1 Bg5 37. Rb6 Bf4 38. Bf2 Qd7 39. f6 Rg6 40. Qb3 Qg4 41. f7 Kg7 42. Rxb7 e4 43. Bxe4 Rh6 44. h4 Bg5 45. Qc3+ Bf6 46. Qf3 1-0

[Event "IECG CP.2006.Q.00015 email"]
[Site "IECG email"]
[Date "2008.01.15"]
[Round "?"]
[White "Bogustov, Andrei"]
[Black "Vorobyev, Albert A"]
[Result "0-1"]
[WhiteElo "1963"]
[BlackElo "1963"]
[PlyCount "70"]
[EventDate "2008.01.15"]
[EventType "tourn (corr)"]
[EventRounds "6"]
[SourceTitle "Corr 2024"]
[Source "ChessBase"]
[SourceDate "2023.10.19"]
[SourceVersion "1"]
[SourceVersionDate "2023.10.19"]
[SourceQuality "1"]

1. e4 e6 2. d4 d5 3. Nc3 Nf6 4. e5 Nfd7 5. f4 c5 6. Nf3 Nc6 7. Be3 a6 8. Qd2 cxd4 9. Nxd4 Bc5 10. Be2 Qc7 11. 0-0 b5 12. Nxc6 Qxc6 13. Bxc5 Qxc5+ 14. Kh1 f5 15. a4 b4 16. Na2 a5 17. Bh5+ g6 18. Be2 Ba6 19. Nc1 0-0 20. Nb3 Qb6 21. Bd3 Rfc8 22. Qf2 Qxf2 23. Rxf2 Bxd3 24. cxd3 Nc5 25. Nxc5 Rxc5 26. g3 Rac8 27. Kg2 d4 28. h3 Kf7 29. Raf1 b3 30. Re2 Rc2 31. Ref2 Rxf2+ 32. Rxf2 Rc3 33. Rf3 Rc2+ 34. Rf2 h5 35. Kg1 Ke7 0-1

[Event "IECG CP.2006.Q.00015 email"]
[Site "IECG email"]
[Date "2008.01.15"]
[Round "?"]
[White "Kluwe, Matthias"]
[Black "Vorobyev, Albert A"]
[Result "0-1"]
[WhiteElo "1585"]
[BlackElo "1963"]
[PlyCount "96"]
[EventDate "2008.01.15"]
[EventType "tourn (corr)"]
[EventRounds "6"]
[SourceTitle "Corr 2024"]
[Source "ChessBase"]
[SourceDate "2023.10.19"]
[SourceVersion "1"]
[SourceVersionDate "2023.10.19"]
[SourceQuality "1"]

1. Nf3 d5 2. d4 e6 3. g3 Nf6 4. c4 Bb4+ 5. Nc3 0-0 6. Bg2 dxc4 7. 0-0 Nc6 8. Bg5 Be7 9. e3 Nd5 10. Bxe7 Qxe7 11. Nd2 Nb6 12. Bxc6 bxc6 13. Nde4 e5 14. Qh5 f6 15. Rfd1 Rb8 16. Rd2 exd4 17. exd4 Qf7 18. Qf3 h5 19. Nc5 Nd5 20. Qg2 Re8 21. Qf1 Nxc3 22. bxc3 Qd5 23. f3 Re3 24. Ne4 Qf5 25. Rf2 Be6 26. Re1 Rxe1 27. Qxe1 a5 28. Kg2 a4 29. Re2 Kf7 30. Qc1 g5 31. Kf2 Bd5 32. Qe3 Qh3 33. Kg1 h4 34. Re1 hxg3 35. Nxg3 a3 36. Qe2 Kg7 37. Qe3 Kg6 38. Rf1 Rb2 39. Rf2 Kf7 40. Re2 Rxe2 41. Qxe2 Qh7 42. Ne4 g4 43. Qc2 Ke7 44. Qd2 gxf3 45. Ng3 Qb1+ 46. Kf2 Qb2 47. Nf1 Be4 48. h4 Bb1 0-1

[Event "IECG CA.2007.0.00187"]
[Site "IECG email"]
[Date "2007.05.20"]
[Round "?"]
[White "Vorobyev, Albert A"]
[Black "Mondino, Victor Nilo"]
[Result "0-1"]
[WhiteElo "1963"]
[BlackElo "2175"]
[PlyCount "50"]
[EventDate "2007.05.20"]
[EventType "tourn (corr)"]
[EventRounds "6"]
[SourceTitle "Corr 2024"]
[Source "ChessBase"]
[SourceDate "2023.10.19"]
[SourceVersion "1"]
[SourceVersionDate "2023.10.19"]
[SourceQuality "1"]

1. d4 Nf6 2. c4 e6 3. Nf3 d5 4. Nc3 c6 5. e3 Nbd7 6. Qc2 Bd6 7. g4 dxc4 8. Bxc4 e5 9. g5 Nd5 10. Bxd5 cxd5 11. Nxd5 0-0 12. e4 exd4 13. Nxd4 Nb6 14. Nxb6 Qxb6 15. Be3 Bh3 16. Ne2 Qa5+ 17. Nc3 Bg2 18. Rg1 Bf3 19. g6 hxg6 20. Rg5 Be5 21. Qb3 Rfe8 22. Rxg6 Bxe4 23. Rg5 Rad8 24. Kf1 Qa6+ 25. Kg1 Bf3 0-1

[Event "IECG CP.2006.P.00003 email"]
[Site "IECG email"]
[Date "2006.12.05"]
[Round "?"]
[White "Vorobyev, Albert A"]
[Black "Amir, Jacob"]
[Result "1-0"]
[WhiteElo "2099"]
[BlackElo "1312"]
[PlyCount "49"]
[EventDate "2006.10.01"]
[EventType "tourn (corr)"]
[EventRounds "6"]
[SourceTitle "Corr 2011"]
[Source "ChessBase"]
[SourceDate "2010.08.31"]
[SourceVersion "1"]
[SourceVersionDate "2010.08.31"]
[SourceQuality "1"]

1. d4 h6 2. c4 g5 3. e3 Bg7 4. h4 gxh4 5. Nf3 d6 6. Rxh4 Bf6 7. Rh1 Bg4 8. Be2 Nc6 9. Nbd2 Qd7 10. a3 0-0-0 11. b4 e5 12. b5 Nce7 13. Nxe5 Bxe2 14. Nxd7 Bxd1 15. Nxf6 Nxf6 16. Kxd1 Rdg8 17. g3 d5 18. cxd5 Nexd5 19. Bb2 Rg6 20. Rh4 Ng4 21. Ke2 Re8 22. Nc4 f6 23. Rh5 Rg5 24. Rah1 Rf5 25. Rxf5 1-0

[Event "IECG CP.2006.P.00003 email"]
[Site "IECG email"]
[Date "2006.12.05"]
[Round "?"]
[White "Vorobyev, Albert A"]
[Black "Santos Ribeiro, Joao Norberto"]
[Result "1/2-1/2"]
[WhiteElo "2099"]
[BlackElo "1760"]
[PlyCount "79"]
[EventDate "2006.10.01"]
[EventType "tourn (corr)"]
[EventRounds "6"]
[SourceTitle "Corr 2011"]
[Source "ChessBase"]
[SourceDate "2010.08.31"]
[SourceVersion "1"]
[SourceVersionDate "2010.08.31"]
[SourceQuality "1"]

1. d4 d5 2. c4 e6 3. Nf3 Nf6 4. Nc3 c5 5. cxd5 exd5 6. g3 Nc6 7. Bg2 Be7 8. 0-0 0-0 9. Bg5 Be6 10. dxc5 Bxc5 11. Rc1 Be7 12. Nd4 Qd7 13. Nxe6 fxe6 14. e4 d4 15. Bh3 Rae8 16. Qb3 Bd6 17. Bxf6 Rxf6 18. Nb5 Bb8 19. f4 a6 20. Na3 d3 21. Rcd1 Ba7+ 22. Kh1 Rd8 23. Nb1 Rh6 24. Bg4 Rg6 25. Bf3 Rh6 26. e5 Be3 27. Be4 Qe8 28. h4 Rd4 29. Rxd3 Rxe4 30. Rxe3 Nd4 31. Qd3 Rxe3 32. Qxe3 Nf5 33. Qd3 Rg6 34. Rf3 Rxg3 35. Rxg3 Nxg3+ 36. Qxg3 Qc6+ 37. Kh2 Qc2+ 38. Qg2 Qxb1 39. Qxb7 Qe1 40. Qc8+ 1/2-1/2

[Event "IECG CA.2006.0.00172 email"]
[Site "IECG email"]
[Date "2006.05.22"]
[Round "?"]
[White "Bruckmayr, Friedrich"]
[Black "Vorobyev, Albert A"]
[Result "0-1"]
[WhiteElo "2026"]
[BlackElo "2102"]
[PlyCount "86"]
[EventDate "2006.05.22"]
[EventType "tourn (corr)"]
[EventRounds "6"]
[SourceTitle "Corr 2008"]
[Source "ChessBase"]
[SourceDate "2008.06.24"]
[SourceVersion "1"]
[SourceVersionDate "2008.06.24"]
[SourceQuality "1"]

1. d4 d5 2. c4 c6 3. Nc3 Nf6 4. Bg5 e6 5. e3 Nbd7 6. Nf3 Qa5 7. Nd2 Bb4 8. Qc2 dxc4 9. Bxf6 Nxf6 10. Bxc4 e5 11. 0-0 exd4 12. Nb3 Bf5 13. e4 Qc7 14. Nb5 Qb6 15. exf5 cxb5 16. Qe2+ Kf8 17. Bxb5 a6 18. Bc4 Rd8 19. Rfd1 g6 20. a3 Bd6 21. Nxd4 Bxh2+ 22. Kxh2 Rxd4 23. Kg1 Rf4 24. b4 Kg7 25. Rac1 Rxf5 26. a4 Rc8 27. Qb2 Rh5 28. Be2 Rxc1 29. Rxc1 Rf5 30. Bf3 Rf4 31. Rb1 a5 32. bxa5 Qxa5 33. Qxb7 Rxa4 34. Qb5 Qa7 35. g3 h5 36. Qe5 h4 37. Rb7 Ra1+ 38. Kg2 Qa6 39. Qb5 Qxb5 40. Rxb5 hxg3 41. fxg3 Ra4 42. Rb7 Rd4 43. Kf2 Ng4+ 0-1

[Event "IECG CA.2006.0.00172 email"]
[Site "IECG email"]
[Date "2006.05.22"]
[Round "?"]
[White "Vorobyev, Albert A"]
[Black "Bogustov, Andrey Alexeevich"]
[Result "1-0"]
[WhiteElo "2102"]
[BlackElo "2176"]
[PlyCount "67"]
[EventDate "2006.05.22"]
[EventType "tourn (corr)"]
[EventRounds "6"]
[SourceTitle "Corr 2008"]
[Source "ChessBase"]
[SourceDate "2008.06.24"]
[SourceVersion "1"]
[SourceVersionDate "2008.06.24"]
[SourceQuality "1"]

1. d4 d5 2. c4 c6 3. Nf3 Nf6 4. Nc3 dxc4 5. a4 Bf5 6. e3 e6 7. Bxc4 Bb4 8. 0-0 0-0 9. Qe2 Nbd7 10. e4 Bg6 11. Bd3 Bh5 12. Bf4 Re8 13. e5 Nd5 14. Nxd5 cxd5 15. h3 a6 16. Rfc1 Bg6 17. Bxg6 fxg6 18. Bd2 Be7 19. a5 Rf8 20. b4 Rc8 21. Rxc8 Qxc8 22. b5 Nb8 23. Rb1 Rf7 24. bxa6 bxa6 25. Bg5 Rxf3 26. Bxe7 Rc3 27. Qb2 Nd7 28. Qb7 Rc7 29. Qxc8+ Rxc8 30. Bd6 Ra8 31. Rb7 Nf8 32. f4 h6 33. g4 Nh7 34. h4 1-0

[Event "CFriend WC-2004-F-00008"]
[Site "Chessfriend.com"]
[Date "2005.05.16"]
[Round "1"]
[White "Grkinic, Goran"]
[Black "Vorobyev, Albert A"]
[Result "1-0"]
[WhiteElo "2125"]
[BlackElo "2094"]
[PlyCount "65"]
[EventDate "2005.??.??"]
[EventType "tourn (corr)"]
[EventRounds "6"]
[SourceTitle "Corr 2008"]
[Source "ChessBase"]
[SourceDate "2008.06.24"]
[SourceVersion "1"]
[SourceVersionDate "2008.06.24"]
[SourceQuality "1"]

1. Nf3 g6 2. e4 d6 3. d4 Bg7 4. Nc3 a6 5. Bc4 e6 6. 0-0 b5 7. Bd3 Ne7 8. Bg5 h6 9. Be3 0-0 10. a4 b4 11. Ne2 Kh7 12. c3 Nbc6 13. Rc1 Rb8 14. c4 f5 15. d5 Ne5 16. Nxe5 dxe5 17. Bc5 a5 18. f4 exf4 19. exf5 exf5 20. Qd2 g5 21. Rce1 Rf7 22. Nd4 Bxd4+ 23. Bxd4 c6 24. Be5 Ra8 25. d6 Qb6+ 26. Qf2 Qxf2+ 27. Rxf2 Ng6 28. Bd4 Bd7 29. c5 h5 30. h4 Nxh4 31. Bc4 Raf8 32. Bxf7 Rxf7 33. Bf6 1-0

[Event "IECG CP.2003.Q.00021 email"]
[Site "IECG email"]
[Date "2005.01.15"]
[Round "?"]
[White "Fineboim, Igor"]
[Black "Vorobyev, Albert A"]
[Result "1/2-1/2"]
[WhiteElo "2139"]
[BlackElo "2121"]
[PlyCount "46"]
[EventDate "2005.01.15"]
[EventType "tourn (corr)"]
[EventRounds "6"]
[SourceTitle "Corr 2008"]
[Source "ChessBase"]
[SourceDate "2008.06.24"]
[SourceVersion "1"]
[SourceVersionDate "2008.06.24"]
[SourceQuality "1"]

1. c4 c6 2. Nf3 Nf6 3. d4 d5 4. Nc3 e6 5. e3 Nbd7 6. Qc2 Bd6 7. g4 Nxg4 8. Rg1 Nxh2 9. Nxh2 Bxh2 10. Rxg7 Nf8 11. Rg2 Bc7 12. e4 dxc4 13. Be3 e5 14. 0-0-0 Bh3 15. dxe5 Qe7 16. Bg5 Qxe5 17. f4 Qg7 18. e5 Bxg2 19. Bxg2 Bxe5 20. Ne4 Ne6 21. fxe5 Nxg5 22. Nf6+ Kf8 23. Nd7+ Kg8 1/2-1/2

[Event "IECG CP.2003.Q.00021 email"]
[Site "IECG email"]
[Date "2005.01.15"]
[Round "?"]
[White "Vorobyev, Albert A"]
[Black "Borst, John C"]
[Result "1/2-1/2"]
[WhiteElo "2121"]
[BlackElo "2063"]
[PlyCount "97"]
[EventDate "2005.01.15"]
[EventType "tourn (corr)"]
[EventRounds "6"]
[SourceTitle "Corr 2008"]
[Source "ChessBase"]
[SourceDate "2008.06.24"]
[SourceVersion "1"]
[SourceVersionDate "2008.06.24"]
[SourceQuality "1"]

1. d4 Nf6 2. Nf3 e6 3. e3 c5 4. Bd3 b6 5. 0-0 Bb7 6. b3 Be7 7. dxc5 bxc5 8. Bb2 0-0 9. Nbd2 d5 10. c4 Nc6 11. a3 Nd7 12. Qc2 g6 13. Rac1 Rc8 14. Kh1 Re8 15. Rfe1 Bf6 16. Be2 Bxb2 17. Qxb2 Qe7 18. Qc3 f6 19. h3 Rcd8 20. Rb1 Nb6 21. cxd5 exd5 22. b4 c4 23. Bd1 Ne5 24. Bc2 Rc8 25. Nd4 f5 26. a4 Nbd7 27. a5 Nf6 28. f3 Nh5 29. Nf1 Qd6 30. g4 fxg4 31. hxg4 Nxf3 32. gxh5 Qe5 33. hxg6 hxg6 34. Bxg6 Qh8+ 35. Kg2 Rf8 36. Qc2 Nh4+ 37. Kh1 Nxg6+ 38. Nh2 Rf6 39. Rg1 Qh6 40. Rg3 Rc7 41. Rbg1 Rg7 42. Qg2 Bc8 43. Rg5 Kh8 44. b5 Nh4 45. Qxd5 Bb7 46. Nc6 Rxg5 47. Qxg5 Qxg5 48. Rxg5 a6 49. Kg1 1/2-1/2

[Event "IECG CP.2003.Q.00021 email"]
[Site "IECG email"]
[Date "2005.01.15"]
[Round "?"]
[White "Vorobyev, Albert A"]
[Black "Hallengren, Boris"]
[Result "1/2-1/2"]
[WhiteElo "2121"]
[BlackElo "2264"]
[PlyCount "65"]
[EventDate "2005.01.15"]
[EventType "tourn (corr)"]
[EventRounds "6"]
[SourceTitle "Corr 2008"]
[Source "ChessBase"]
[SourceDate "2008.06.24"]
[SourceVersion "1"]
[SourceVersionDate "2008.06.24"]
[SourceQuality "1"]

1. d4 Nf6 2. Nf3 g6 3. g3 Bg7 4. Bg2 0-0 5. 0-0 d6 6. c4 Nbd7 7. Nc3 e5 8. e4 exd4 9. Nxd4 Re8 10. h3 c6 11. Be3 Ne5 12. b3 Qa5 13. Nde2 g5 14. f3 d5 15. cxd5 cxd5 16. Bxg5 dxe4 17. fxe4 Nf3+ 18. Rxf3 Qxg5 19. Rd3 Qe5 20. Rc1 b6 21. Nd5 Ba6 22. Nxf6+ Qxf6 23. Rd5 Bb7 24. Rd7 Rad8 25. Nf4 Rxd7 26. Qxd7 Qd4+ 27. Qxd4 Bxd4+ 28. Kf1 Be5 29. Nh5 Rd8 30. Rc2 Rd3 31. Kf2 h6 32. Bf3 Bd4+ 33. Kg2 1/2-1/2

[Event "IECG CP.2004.P.00003 email"]
[Site "IECG email"]
[Date "2004.10.01"]
[Round "?"]
[White "Loskarn, Peter"]
[Black "Vorobyev, Albert A"]
[Result "0-1"]
[WhiteElo "2035"]
[BlackElo "1963"]
[PlyCount "22"]
[EventDate "2004.10.01"]
[EventType "tourn (corr)"]
[EventRounds "6"]
[SourceTitle "Corr 2024"]
[Source "ChessBase"]
[SourceDate "2023.10.19"]
[SourceVersion "1"]
[SourceVersionDate "2023.10.19"]
[SourceQuality "1"]

1. e4 e6 2. d4 d5 3. Nc3 Nf6 4. e5 Nfd7 5. f4 c5 6. Nf3 Nc6 7. Be3 Qb6 8. a3 a6 9. Be2 Qc7 10. dxc5 Bxc5 11. b4 Bxe3 0-1

[Event "IECG CA.2004.0.00134 email"]
[Site "IECG email"]
[Date "2004.09.15"]
[Round "?"]
[White "Jimenez Garcia, Pedro Jose"]
[Black "Vorobyev, Albert A"]
[Result "1/2-1/2"]
[WhiteElo "2167"]
[BlackElo "2026"]
[PlyCount "97"]
[EventDate "2004.09.15"]
[EventType "tourn (corr)"]
[EventRounds "6"]
[SourceTitle "Corr 2008"]
[Source "ChessBase"]
[SourceDate "2008.06.24"]
[SourceVersion "1"]
[SourceVersionDate "2008.06.24"]
[SourceQuality "1"]

1. e4 e6 2. d4 d5 3. e5 c5 4. c3 Nc6 5. Nf3 Qb6 6. a3 c4 7. Nbd2 f6 8. Be2 Bd7 9. 0-0 0-0-0 10. b3 cxb3 11. Nxb3 Qc7 12. Rb1 Be8 13. Bf4 h6 14. c4 Bxa3 15. cxd5 exd5 16. Bg3 f5 17. Qc2 Nge7 18. Ra1 Bb4 19. Rfc1 Kb8 20. Nc5 Bxc5 21. Qxc5 b6 22. Qa3 g5 23. h3 f4 24. Bh2 Rg8 25. Ba6 Rg6 26. Rc3 Re6 27. Rac1 Bd7 28. Nd2 Nf5 29. Nb3 Be8 30. Bd3 Qf7 31. Qa6 Nh4 32. Bb5 Qb7 33. Qa4 Nxe5 34. dxe5 d4 35. Rc6 Rxc6 36. Bxc6 d3 37. e6 Bxc6 38. Rxc6 d2 39. Nxd2 Rxd2 40. Bxf4+ gxf4 41. Qxf4+ Ka8 42. Qe4 Rd8 43. e7 Re8 44. Rc8+ Rxc8 45. e8Q Nf3+ 46. gxf3 Rxe8 47. Qxe8+ Qb8 48. Qc6+ Qb7 49. Qe8+ 1/2-1/2

[Event "IECG CA.2004.0.00134 email"]
[Site "IECG email"]
[Date "2004.09.15"]
[Round "?"]
[White "Lo Conte, Vittorio"]
[Black "Vorobyev, Albert A"]
[Result "1/2-1/2"]
[WhiteElo "2028"]
[BlackElo "2026"]
[PlyCount "76"]
[EventDate "2004.09.15"]
[EventType "tourn (corr)"]
[EventRounds "6"]
[SourceTitle "Corr 2008"]
[Source "ChessBase"]
[SourceDate "2008.06.24"]
[SourceVersion "1"]
[SourceVersionDate "2008.06.24"]
[SourceQuality "1"]

1. f4 d5 2. Nf3 Nf6 3. g3 g6 4. Bg2 Bg7 5. 0-0 0-0 6. d3 c6 7. Kh1 Bg4 8. Ne5 Qc8 9. Nxg4 Qxg4 10. e4 Qxd1 11. Rxd1 dxe4 12. dxe4 Na6 13. Nc3 Ng4 14. Re1 Nf2+ 15. Kg1 Bd4 16. Be3 Bxe3 17. Rxe3 Ng4 18. Re2 Rad8 19. h3 Nh6 20. Kf2 f6 21. Rd1 Rxd1 22. Nxd1 Rd8 23. Ke1 Nf7 24. Nf2 e5 25. Nd3 Kf8 26. Rd2 Ke7 27. fxe5 Nxe5 28. Nxe5 fxe5 29. Rxd8 Kxd8 30. c3 Nc5 31. b4 Nd7 32. Bf1 Nf6 33. Bd3 g5 34. Kf2 b6 35. a3 Kc7 36. Ke3 Kb7 37. Bc4 b5 38. Bb3 c5 1/2-1/2